| 000 | 00419nam a2200157 i 4500 | ||
|---|---|---|---|
| 001 | 31061 | ||
| 003 | ES-MaACL | ||
| 005 | 20230906154313.0 | ||
| 007 | t| | ||
| 008 | 030128s1972 sp ||||1| spa d | ||
| 100 | 1 |
_aBauça, Miquel. _926502 |
|
| 245 | 1 | 3 |
_aEl noble joc / _cMiquel Bauça. |
| 260 |
_aPalma de Mallorca : _bFrancesc B. Moll, _c1972. |
||
| 300 |
_a68 p. ; _c17 cm. |
||
| 852 |
_aES-MaACL _jC-52136 _bR.84425 |
||
| 999 |
_c31061 _d31061 |
||